Classement du nombre de commande d'avions par compagnie aérienne - Statistiques

Statistiques générales
  • Ce quiz a été pris 25 fois
  • Le résultat moyen est 33 sur 56
Statistiques - réponses
Flotte Famille A320 Nombre Compagnies % Correct
A350 41 Air France
100%
A380 10 Air France
100%
Boeing 777 72 Air France
100%
Boeing 747 99 Air France
100%
A380 123 Emirates
91%
Boeing 777 197 Emirates
91%
Boeing 787 91 All Nippon Airways
86%
Famille A320 523 American Airlines
82%
Boeing 777 67 American Airlines
82%
Boeing 787 70 American Airlines
82%
Boeing 737 458 American Airlines
82%
A350 39 Delta Airlines
77%
A330 81 Delta Airlines
77%
Famille A320 339 Delta Airlines
77%
Boeing 737 373 Delta Airlines
77%
A380 10 Korean Air / Qatar Airways / Ethiad Airways
77%
A350 31 Lufthansa
77%
A380 14 Lufthansa
77%
Famille A320 500 easyJet
73%
A380 12 British Airways
68%
Boeing 787 42 British Airways
68%
Boeing 747 109 British Airways
68%
A350 69 Qatar Airways
64%
A330 69 Qatar Airways
64%
Boeing 777 97 Qatar Airways
64%
Boeing 787 56 Qatar Airways
64%
Boeing 737 705 Ryanair
64%
A350 30 Turkish Airlines / Air China
59%
Famille A320 317 United Airlines
59%
Boeing 777 105 United Airlines
59%
Boeing 787 80 United Airlines
59%
Boeing 737 885 United Airlines
59%
Boeing 747 90 United Airlines
59%
Boeing 747 105 Korean Air
55%
A350 65 Singapore Airlines
50%
A380 24 Singapore Airlines
50%
Boeing 777 103 Singapore Airlines
50%
Boeing 747 116 Singapore Airlines
50%
A330 60 Air China
45%
Boeing 737 270 Air China
45%
A380 12 Qantas
45%
A330 83 Turkish Airlines
45%
Boeing 787 49 Ethiad Airways
41%
Boeing 787 51 Japan Airlines
41%
Boeing 747 126 Japan Airlines
41%
A330 73 China Eastern Airlines
32%
Famille A320 477 China Eastern Airlines
32%
Famille A320 453 China Southern Airlines
27%
Boeing 737 321 China Southern Airlines
27%
Boeing 737 1 309 Southwest
27%
A350 48 Cathay Pacfic
18%
A330 84 Cathay Pacific
18%
Boeing 777 79 Cathay Pacific
18%
Boeing 747 125 Cathay Pacific
14%
Famille A320 577 IndiGo
14%
A330 56 Saudi Arabian Airlines
9%
Aucun quiz correspondant
Distribution des résultats
% des personnes avec chaque résultat
Percentile par nombre de réponses
Votre historique - résultats
Vous n’avez pas pris ce quiz